00423nam a2200169Ia 4500008004100000020001400041245004100055245004100096260001500137260001600152260000900168300001400177300002500191300001000216500000800226999001900234170705s9999 xx 000 0 und d a439237130 aLittle mouse and the big red apple / cA. H. Benjamin ; Gwyneth Williamson. aNew York : bScholastic, c2000 aunpaged : bcolor illustration ; c23cm. a320 c335574d335574